000 00693nam a2200217Ia 4500
003 GCL
008 140319s9999 xx 000 0 ara d
040 _aGCL /
_cGCL
082 0 4 _a820.9
_bج ل
100 1 _aجاكوب كورك
245 1 0 _aاللغة فى الادب الحديث: الحداثة والتجريب /
_cجاكوب كورك
700 1 _aليون يوسف
700 1 _aعزيز عمانويل (مترجم)
260 _a[S.N] :
_bدار المامون للترجمة والنشر ،
_c1989
300 _a342 ص
490 _a
650 0 4 _aالادب الانجليزى
650 0 4 _aالادب الامريكى
650 0 4 _aتاريخ ونقد
942 _2ddc
_cBK
999 _c53713
_d53713